Graphical enumeration /
Guardado en:
| Autor Principal: | |
|---|---|
| Otros Autores: | |
| Formato: | Libro |
| Idioma: | English |
| Publicado: |
New York :
Academic Press,
1973.
|
| Materias: | |
| Etiquetas: |
Agregar Etiqueta
Sin Etiquetas, Sea el primero en etiquetar este registro!
|
| LEADER | 00935cam a2200241 a 4500 | ||
|---|---|---|---|
| 001 | MAT.inmabb003526 | ||
| 008 | 730611s1973####nyua#####b####001#0#eng## | ||
| 005 | 20130304162928.0 | ||
| 245 | 1 | 0 | |a Graphical enumeration / |c Frank Harary, Edgar M. Palmer. |
| 260 | |a New York : |b Academic Press, |c 1973. | ||
| 300 | |a xiv, 271 p. : |b il. ; |c 24 cm. | ||
| 504 | |a Incluye referencias bibliográficas (p. 253-261) e índices. | ||
| 505 | 0 | |a 1. Labeled enumeration -- 2. Pólya's theorem -- 3. Trees -- 4. Graphs -- 5. Digraphs -- 6. Power group enumeration -- 7. Superposition -- 8. Blocks -- 9. Asymptotics -- 10. Unsolved problems. | |
| 510 | 4 | |a MR, |c 50 #9682 | |
| 020 | |a 0123242452 | ||
| 100 | 1 | |a Harary, Frank. | |
| 700 | 1 | |a Palmer, Edgar M. | |
| 650 | 0 | |a Graph theory. | |
| 650 | 0 | |a Combinatorial enumeration problems. | |
| 084 | |a 05C30 |2 msc2000 | ||
| 010 | |a 72082653 | ||
| 040 | |a DLC |c DLC |d DLC | ||
| 859 | |h 05 |i H254e |p A-4536 |b BIB. MATEMATICA | ||
